Géographie de l'Amérique du Sud par lettre - V - Statistiques

Statistiques générales
  • Ce quiz a été pris 76 fois
  • Le résultat moyen est 8 sur 20
Statistiques - réponses
Question Réponse % Correct
Pays sud-américain dont la capitale est Caracas Venezuela
100%
Ville italienne à l'origine du nom de ce pays Venise
93%
Lac salé bolivien (indice : couleur) Laguna {Verde}
71%
Structure géologique qui résulte de la montée d'un magma puis de l'éruption de matériaux (gaz et lave) issus de ce magma. Ils sont nombreux en Amérique du Sud, notamment le long de la Ceinture de feu, près du Pacifique Volcan
71%
Maladie virale, aujourd'hui éradiquée, qui a largement contribué à décimer les populations amérindiennes à partir de la colonisation européenne Variole
67%
Nom de l'explorateur florentin qui a donné son prénom au continent américain : il est le premier à avoir compris, après avoir accosté au Brésil, qu'il s'agissait d'un nouveau continent. Amerigo Vespucci
63%
L'une des plus grandes villes de ce pays, homonyme d'une grande ville d'Espagne Valencia
59%
Débat politique et religieux, nommé d'après une ville espagnole, concernant les relations entre les colonisateurs espagnols en Amérique et les indigènes amérindiens Controverse de {Valladolid}
50%
Troisième ville et premier port du Chili Valparaiso
49%
Institution administrative locale, créée à la fin du xve siècle par la Couronne d’Espagne pour gouverner ses possessions {Vice}-royauté
40%
Activité agricole importée d'Europe, qui a particulièrement réussi au Chili et en Argentine Viticulture
37%
Animal des hauts plateaux andins dont la laine constitue une fibre de luxe Vigogne
30%
Nom communément donné à la première république brésilienne (1889-1930) - la plus ancienne, donc. (adjectif accepté en portugais ou en français) Republica {velha}
17%
Nom du lanceur léger utilisé au Centre spatial guyanais, alternative à Ariane qui lance des charges beaucoup plus lourdes. C'est aussi le nom d'une étoile de la constellation de la Lyre. Vega
16%
Homme d'Etat brésilien qui fut deux fois président de la République (1930-1945 et 1951-1954) Getùlio Vargas
9%
Compositeur brésilien (1887-1959), célèbre pour ses Bachianas brasileiras Heitor Villa-lobos
6%
Ville qui connaît une croissance démographique et économique rapide et soudaine, dont Belo Horizonte constitue un type Ville-champignon
6%
Nom donné à la partie de la forêt amazonienne qui est inondée de façon saisonnière en période de crue Varzéa
3%
Capitale de la province du Rio Negro (Argentine). C'est aussi le nom d'un volcan, d'un lac et d'un glacier de Patagonie. Viedma
3%
Type de cerf-volant originaire du Chili Volantin
3%
Aucun quiz correspondant
Distribution des résultats
% des personnes avec chaque résultat
Percentile par nombre de réponses
Votre historique - résultats
Vous n’avez pas pris ce quiz